中国竞技体育揭秘 (Record no. 39927)

000 -LEADER
fixed length control field 00456nam a22001937a 4500
003 - CONTROL NUMBER IDENTIFIER
control field MPLRDC
005 - DATE AND TIME OF LATEST TRANSACTION
control field 20220104143435.0
008 - FIXED-LENGTH DATA ELEMENTS--GENERAL INFORMATION
fixed length control field 210129b ||||| |||| 00| 0 eng d
020 ## - INTERNATIONAL STANDARD BOOK NUMBER
International Standard Book Number 962-357-864-4
082 ## - DEWEY DECIMAL CLASSIFICATION NUMBER
Classification number 528.9 LQH
100 ## - MAIN ENTRY--PERSONAL NAME
Personal name 李气虹
245 ## - TITLE STATEMENT
Title 中国竞技体育揭秘
Statement of responsibility, etc.
250 ## - EDITION STATEMENT
Edition statement 初版
260 ## - PUBLICATION, DISTRIBUTION, ETC.
Place of publication, distribution, etc.
Name of publisher, distributor, etc. 明报出版社
Date of publication, distribution, etc. 1995
300 ## - PHYSICAL DESCRIPTION
Other physical details
490 ## - SERIES STATEMENT
Series statement 神州系列
650 ## - SUBJECT ADDED ENTRY--TOPICAL TERM
Topical term or geographic name entry element 体育; 运动
942 ## - ADDED ENTRY ELEMENTS (KOHA)
Koha item type Book
-- 528.9 LQH
Holdings
Withdrawn status Lost status Source of classification or shelving scheme Damaged status Not for loan Collection code Home library Current library Shelving location Date acquired Cost, normal purchase price Total Checkouts Full call number Barcode Date last seen Date last checked out Price effective from Koha item type Public note
            Malaysian Public Library, Research and Development Centre Malaysian Public Library, Research and Development Centre   10/12/2007 27.00   528.9 LQH 00040060 18/03/2021 12/08/2016 18/03/2021 Book mplrdc

© 2022. Malaysian Public Library, Research and Development Centre. All Right ReservedE-mailmplrdc@help.edu.my 

Powered by Koha